[Event "BL 8889 Koblenz-HSK"]
[Site "?"]
[Date "1988.??.??"]
[Round "?.2"]
[White "Braga, F."]
[Black "Wahls, M."]
[Result "1-0"]
[WhiteElo "2430"]
[BlackElo "2460"]
[PlyCount "79"]
[EventDate "1988.??.??"]

1. d4 Nf6 2. Nf3 e6 3. Bf4 c5 4. e3 b6 5. Nbd2 cxd4 6. exd4 Be7 7. Bd3 Ba6 8.
c4 O-O 9. O-O d5 10. Ne5 dxc4 11. Ndxc4 Bb7 12. Rc1 Na6 13. a3 Nc7 14. Bg3 Nb5
15. Ne3 Nxd4 16. Rc4 Kh8 17. Rc7 Rb8 18. Qa4 a6 19. Nd7 Nb5 20. Bxb5 axb5 21.
Qd1 Ne8 22. Rc3 Ra8 23. Nxf8 Bxf8 24. Qxd8 Rxd8 25. Rd1 Rxd1+ 26. Nxd1 f6 27.
b4 e5 28. f3 Bd6 29. Rd3 Bc6 30. Nc3 Kg8 31. Bf2 Bc7 32. Nd5 Bxd5 33. Rxd5 Nd6
34. Rd1 Kf7 35. Rc1 Bd8 36. Rc6 Nc4 37. a4 Nb2 38. axb5 Na4 39. Rc2 Ke6 40. Be1
1-0

[Event "BL 8889 Koblenz-HSK"]
[Site "?"]
[Date "1988.??.??"]
[Round "?.3"]
[White "Stein, B."]
[Black "Doncevic, D."]
[Result "1/2-1/2"]
[WhiteElo "2380"]
[BlackElo "2370"]
[PlyCount "41"]
[EventDate "1988.??.??"]

1. Nf3 Nf6 2. c4 g6 3. b3 Bg7 4. Bb2 O-O 5. g3 d6 6. d4 e5 7. dxe5 Nfd7 8. Bg2
Nc6 9. O-O dxe5 10. Nc3 e4 11. Ne1 f5 12. Nc2 Nce5 13. Qd5+ Nf7 14. Rad1 c6 15.
Qd2 Qc7 16. f3 exf3 17. exf3 Nf6 18. Rfe1 Rd8 19. Qe2 Rxd1 20. Qxd1 Bd7 21. Qd2
1/2-1/2

[Event "BL 8889 Koblenz-HSK"]
[Site "?"]
[Date "1988.??.??"]
[Round "?.4"]
[White "Wolf, V."]
[Black "Maus, So"]
[Result "1-0"]
[WhiteElo "2330"]
[BlackElo "2400"]
[PlyCount "131"]
[EventDate "1988.??.??"]

1. Nf3 Nf6 2. c4 c5 3. e3 g6 4. d4 b6 5. Nc3 Bg7 6. Bd3 O-O 7. O-O d6 8. h3 e6
9. b3 Bb7 10. Bb2 Nbd7 11. Qe2 a6 12. Rac1 Re8 13. Rfd1 Qc7 14. Bb1 Rad8 15.
dxc5 bxc5 16. Rd2 Nb6 17. Nd1 Qe7 18. Bc3 Bc6 19. a3 Rb8 20. Nb2 Rec8 21. Qd1
Ne8 22. Bxg7 Kxg7 23. Nd3 Qf6 24. Nf4 e5 25. Nd5 Bxd5 26. cxd5 Nc7 27. h4 a5
28. Ng5 Nb5 29. a4 Nc7 30. Ne4 Qd8 31. f4 exf4 32. exf4 Qxh4 33. g3 Qe7 34. Kg2
Nd7 35. Re2 Re8 36. Bd3 Qf8 37. Bc4 h6 38. Qd2 f5 39. Qxa5 Nxd5 40. Bxd5 fxe4
41. Qc3+ Qf6 42. Rxe4 Rxe4 43. Bxe4 Rb4 44. Bc6 Nb8 45. Bb5 Rd4 46. Qe3 Qf7 47.
Re1 Nd7 48. Qe7 Rd2+ 49. Kf1 Nb6 50. a5 Nc8 51. Qxf7+ Kxf7 52. Re8 Na7 53. Ba4
c4 54. Ra8 Nc6 55. Bxc6 c3 56. Ke1 Rd4 57. Be8+ Kf6 58. Rc8 Rb4 59. Rxc3 Re4+
60. Kd2 Rxe8 61. Rc6 Ke6 62. b4 Kd5 63. b5 g5 64. fxg5 hxg5 65. a6 Re7 66. Rb6
1-0

[Event "BL 8889 Koblenz-HSK"]
[Site "?"]
[Date "1988.??.??"]
[Round "?.5"]
[White "Wegner, H."]
[Black "Bayer, E."]
[Result "1-0"]
[WhiteElo "2290"]
[BlackElo "2370"]
[PlyCount "59"]
[EventDate "1988.??.??"]

1. d4 Nf6 2. c4 e6 3. Nf3 d5 4. Bg5 Be7 5. cxd5 exd5 6. e3 Ne4 7. Bxe7 Qxe7 8.
Nc3 c6 9. Qc2 O-O 10. Bd3 f5 11. O-O Nd7 12. Rae1 Rf6 13. g3 Rh6 14. Nh4 Rxh4
15. gxh4 Qxh4 16. f3 Ng5 17. Qg2 Nh3+ 18. Kh1 Nf6 19. Qg3 Qh6 20. f4 Ne4 21.
Nxe4 fxe4 22. Be2 Qe6 23. Bd1 Qf5 24. Re2 g5 25. Rg2 Kh8 26. Be2 Bd7 27. fxg5
Qe6 28. Rf6 Qe7 29. Rh6 Rg8 30. Rxh3 1-0

[Event "BL 8889 Heidelberg-Delmenhorst"]
[Site "?"]
[Date "1988.??.??"]
[Round "?.1"]
[White "Reeh, O."]
[Black "Steinbacher, M."]
[Result "1/2-1/2"]
[WhiteElo "2460"]
[BlackElo "2340"]
[PlyCount "40"]
[EventDate "1988.??.??"]

1. d4 e6 2. c4 Bb4+ 3. Nd2 c5 4. a3 Bxd2+ 5. Qxd2 cxd4 6. Nf3 Nc6 7. Nxd4 Nxd4
8. Qxd4 Qf6 9. Qxf6 Nxf6 10. g3 b6 11. Bg2 d5 12. Bf4 Ba6 13. cxd5 Nxd5 14. Be5
f6 15. Bxd5 exd5 16. Bd4 Rc8 17. Kd2 Rc4 18. e3 Kd7 19. b3 Rc6 20. Rhc1 h5
1/2-1/2

[Event "BL 8889 Heidelberg-Delmenhorst"]
[Site "?"]
[Date "1988.??.??"]
[Round "?.2"]
[White "Ostl, A."]
[Black "Hausner, I."]
[Result "0-1"]
[WhiteElo "2260"]
[BlackElo "2435"]
[PlyCount "134"]
[EventDate "1988.??.??"]

1. d4 d6 2. c4 g6 3. Nf3 Bg7 4. e3 Nd7 5. Be2 e5 6. O-O Ngf6 7. b3 O-O 8. Ba3
e4 9. Nfd2 Re8 10. Nc3 Nf8 11. Qc2 Bf5 12. Rae1 h5 13. d5 N8h7 14. Nb5 Ng5 15.
Nd4 Bd7 16. Bb2 h4 17. f4 exf3 18. N2xf3 Ng4 19. Bd3 Nxe3 20. Rxe3 Rxe3 21.
Bxg6 fxg6 22. Qxg6 Be8 23. Qxg5 Rxf3 24. Qxg7+ Kxg7 25. Rxf3 Kg8 26. Ne6 Qe7
27. Rf6 Bf7 28. Rh6 Bxe6 29. dxe6 Qh7 30. Rxh7 Kxh7 31. Bf6 h3 32. g4 Kg6 33.
g5 Kf5 34. e7 Re8 35. Kf2 Kf4 36. Ke2 Ke4 37. Kf2 Kf4 38. Ke2 c6 39. Kf2 d5 40.
Ke2 Ke4 41. Kd2 d4 42. c5 b6 43. b4 bxc5 44. bxc5 d3 45. a3 a6 46. a4 a5 47.
Kc3 Ke3 48. g6 Ke4 49. Bh4 Kf5 50. g7 Kg6 51. Kxd3 Kxg7 52. Ke4 Kf7 53. Kf3 Rg8
54. Be1 Rg2 55. Bxa5 Rxh2 56. Kg3 Ra2 57. Kxh3 Kxe7 58. Kg3 Ke6 59. Bc7 Rxa4
60. Kf3 Kd5 61. Bd6 Rc4 62. Ke3 Rxc5 63. Bf8 Kc4 64. Kd2 Rf5 65. Be7 Rf2+ 66.
Kd1 Kd3 67. Kc1 c5 0-1

[Event "BL 8889 Heidelberg-Delmenhorst"]
[Site "?"]
[Date "1988.??.??"]
[Round "?.3"]
[White "Hermann, Man"]
[Black "Cicak, S."]
[Result "1-0"]
[WhiteElo "2365"]
[BlackElo "2345"]
[PlyCount "81"]
[EventDate "1988.??.??"]

1. e4 c5 2. Nf3 e6 3. c3 Nf6 4. e5 Nd5 5. d4 cxd4 6. cxd4 Bb4+ 7. Bd2 Bxd2+ 8.
Qxd2 d6 9. Bd3 Nc6 10. O-O O-O 11. Nc3 Ndb4 12. Rad1 Nxd3 13. Qxd3 d5 14. Nb5
f6 15. Rfe1 a6 16. Nd6 fxe5 17. dxe5 Rb8 18. Qe3 Bd7 19. Rc1 h6 20. a3 Be8 21.
Nd4 Nxd4 22. Qxd4 Bc6 23. Qg4 Qe7 24. f4 Kh7 25. Rc3 g6 26. Rec1 Rg8 27. Nxb7
h5 28. Qh3 Qxb7 29. Rxc6 Qxb2 30. Qxe6 Qd4+ 31. Kh1 Qxf4 32. Qxd5 Rge8 33. Qd3
Qg5 34. Rc7+ Kh6 35. Qd7 Qf4 36. e6 Rf8 37. h3 Rbe8 38. Qg7+ Kg5 39. e7 Rf6 40.
R7c5+ Rf5 41. Rc6 1-0

[Event "BL 8889 Heidelberg-Delmenhorst"]
[Site "?"]
[Date "1988.??.??"]
[Round "?.4"]
[White "Mack, P."]
[Black "Borik, O."]
[Result "1-0"]
[WhiteElo "2295"]
[BlackElo "2350"]
[PlyCount "89"]
[EventDate "1988.??.??"]

1. c4 g6 2. g3 Bg7 3. Bg2 Nf6 4. Nc3 O-O 5. d4 d6 6. Nf3 c6 7. O-O Bf5 8. b3
Qa5 9. Qd2 e5 10. Bb2 Re8 11. e4 Bg4 12. d5 c5 13. Ne1 Bd7 14. a3 b5 15. cxb5
Bxb5 16. b4 cxb4 17. Nxb5 Qxb5 18. axb4 Nbd7 19. Ra5 Qc4 20. f3 Reb8 21. Nd3
Bh6 22. Qxh6 Qxd3 23. Ra3 Qe2 24. Bc3 Nb6 25. Re1 Qc4 26. Rc1 Qb5 27. Bf1 Qd7
28. Ra5 Nc8 29. Bd2 Ne8 30. b5 Qd8 31. Ra6 Nc7 32. Bg5 f6 33. Bxf6 Qxf6 34.
Rxc7 Ne7 35. Raxa7 Rxa7 36. Rxa7 Kh8 37. Be2 Rc8 38. b6 Rb8 39. b7 Ng8 40. Qe3
Qd8 41. Bb5 Ne7 42. Bc6 Kg7 43. Ra6 Qc7 44. Qb6 Qxb6+ 45. Rxb6 1-0

[Event "BL 8889 Heidelberg-Delmenhorst"]
[Site "?"]
[Date "1988.??.??"]
[Round "?.5"]
[White "Wesseln, K."]
[Black "Zuse, P."]
[Result "1/2-1/2"]
[WhiteElo "2350"]
[BlackElo "2295"]
[PlyCount "89"]
[EventDate "1988.??.??"]

1. d4 Nf6 2. c4 g6 3. Nc3 d5 4. Nf3 Bg7 5. Bg5 dxc4 6. e4 c5 7. Bxc4 cxd4 8.
Qxd4 Qxd4 9. Nxd4 Nxe4 10. Nxe4 Bxd4 11. O-O-O Nc6 12. Bb5 Bb6 13. Rhe1 Be6 14.
Kb1 h6 15. Bh4 g5 16. Bg3 O-O 17. Bxc6 bxc6 18. h4 Ba5 19. Rh1 Bf5 20. f3 Rfd8
21. hxg5 hxg5 22. Rc1 Rac8 23. Rc5 Rd5 24. Rhc1 Rcd8 25. Rxc6 Bd2 26. Rd1 Be3
27. Rxd5 Rxd5 28. Rc3 Rd1+ 29. Kc2 Rd2+ 30. Kb3 Re2 31. Rc2 Rxc2 32. Kxc2 f6
33. Kc3 Kf7 34. b4 a6 35. Bf2 Bxe4 36. Bxe3 Bc6 37. Kc4 Ke6 38. Kc5 Kd7 39. Kb6
Bb5 40. g3 e5 41. g4 Kd6 42. Ka5 Kd5 43. a4 Be2 44. Bc5 e4 45. fxe4+ 1/2-1/2

[Event "BL 8889 Heidelberg-Delmenhorst"]
[Site "?"]
[Date "1988.??.??"]
[Round "?.6"]
[White "Nonnenmacher, E."]
[Black "Schlemermeyer, W."]
[Result "1-0"]
[WhiteElo "2320"]
[BlackElo "2265"]
[PlyCount "41"]
[EventDate "1988.??.??"]

1. e4 c5 2. Nf3 e6 3. d4 cxd4 4. Nxd4 Nf6 5. Nc3 d6 6. Be2 Be7 7. O-O Nc6 8.
Be3 O-O 9. Kh1 Nxd4 10. Bxd4 b6 11. f4 Bb7 12. Bd3 Bc6 13. Qe2 Qc7 14. e5 dxe5
15. Bxe5 Qb7 16. Ba6 Bxg2+ 17. Qxg2 Qxa6 18. Ne4 Kh8 19. Rg1 Rg8 20. Ng5 Raf8
21. Nxh7 1-0

[Event "BL 8889 Heidelberg-Delmenhorst"]
[Site "?"]
[Date "1988.??.??"]
[Round "?.8"]
[White "Neurohr, S."]
[Black "Meyer, H."]
[Result "1-0"]
[WhiteElo "2305"]
[BlackElo "2330"]
[PlyCount "47"]
[EventDate "1988.??.??"]

1. d4 d5 2. c4 e6 3. Nc3 Be7 4. Nf3 Nf6 5. Bg5 O-O 6. e3 h6 7. Bxf6 Bxf6 8. Rc1
b6 9. Bd3 Bb7 10. O-O Nd7 11. Qe2 Qe7 12. e4 dxc4 13. Bxc4 c5 14. e5 Bg5 15.
Nxg5 Qxg5 16. f4 Qh4 17. d5 exd5 18. Bxd5 Bxd5 19. Nxd5 Rae8 20. Rcd1 f5 21.
Nc7 Re7 22. Rd6 g5 23. Nd5 Rg7 24. e6 1-0

[Event "BL 8889 HSK-Heidelberg"]
[Site "?"]
[Date "1988.??.??"]
[Round "?.1"]
[White "Steinbacher, M."]
[Black "Chandler, M."]
[Result "0-1"]
[WhiteElo "2340"]
[BlackElo "2605"]
[PlyCount "106"]
[EventDate "1988.??.??"]

1. Nf3 Nf6 2. c4 b6 3. Nc3 Bb7 4. d4 e6 5. Bg5 Bb4 6. e3 h6 7. Bh4 Bxc3+ 8.
bxc3 d6 9. c5 dxc5 10. Bb5+ c6 11. Bd3 Nbd7 12. e4 cxd4 13. cxd4 Qe7 14. O-O e5
15. dxe5 Nxe5 16. Nxe5 Qxe5 17. f4 Qd4+ 18. Bf2 Qd7 19. e5 O-O-O 20. exf6 Qxd3
21. fxg7 Rhg8 22. Qg4+ f5 23. Qg6 c5 24. Bh4 Qd4+ 25. Kh1 Qxg7 26. Qxg7 Rxg7
27. Rf2 Rd6 28. h3 Be4 29. Kh2 c4 30. Rc1 b5 31. a4 a6 32. axb5 axb5 33. Rb2
Rd5 34. Be1 Ra7 35. Kg3 Kd7 36. Kh4 Kc6 37. Kh5 Rd6 38. Bb4 Re6 39. Rc3 Bd3 40.
Bf8 Rf7 41. Bb4 Ra7 42. Ra3 Rxa3 43. Bxa3 Be2+ 44. Kh4 Re4 45. g3 Re3 46. Bb4
Bf1 47. Rf2 Rb3 48. Be1 Bd3 49. g4 Rb1 50. Ba5 b4 51. g5 hxg5+ 52. fxg5 c3 53.
g6 c2 0-1

[Event "BL 8889 HSK-Heidelberg"]
[Site "?"]
[Date "1988.??.??"]
[Round "?.2"]
[White "Wahls, M."]
[Black "Ostl, A."]
[Result "1-0"]
[WhiteElo "2460"]
[BlackElo "2260"]
[PlyCount "53"]
[EventDate "1988.??.??"]

1. e4 c5 2. Nf3 d6 3. d4 cxd4 4. Nxd4 Nf6 5. Nc3 a6 6. Be3 e6 7. Qd2 b5 8. f3
Bb7 9. g4 h6 10. O-O-O b4 11. Nce2 d5 12. e5 Nfd7 13. f4 Nc5 14. f5 Nbd7 15.
fxe6 fxe6 16. Nf4 Qa5 17. Kb1 Nxe5 18. Nfxe6 Nxg4 19. Bf4 Ne4 20. Qe2 Ngf2 21.
Qh5+ Ke7 22. Qe5 Ng4 23. Qf5 Ngf6 24. Bc7 Qa4 25. Nf4 Bc8 26. Nxd5+ Kf7 27. Qf4
1-0

[Event "BL 8889 HSK-Heidelberg"]
[Site "?"]
[Date "1988.??.??"]
[Round "?.3"]
[White "Mack, P."]
[Black "Stein, B."]
[Result "1/2-1/2"]
[WhiteElo "2295"]
[BlackElo "2380"]
[PlyCount "94"]
[EventDate "1988.??.??"]

1. c4 c5 2. Nc3 Nf6 3. Nf3 d5 4. d4 cxd4 5. Nxd5 Nxd5 6. cxd5 Qxd5 7. Qxd4 Qxd4
8. Nxd4 e5 9. Nb5 Na6 10. a3 Bd7 11. e4 Bc6 12. f3 Kd7 13. Bc4 f6 14. Ke2 Nc7
15. Rd1+ Kc8 16. Nxc7 Kxc7 17. Be3 Be7 18. Rac1 a6 19. Bd5 Rac8 20. Rd3 Rhd8
21. Rb3 Kd7 22. Bxc6+ bxc6 23. Rb6 a5 24. Bd2 a4 25. Rc4 Rb8 26. Rcxc6 Rdc8 27.
Kd3 h5 28. Bc3 Rxc6 29. Rxb8 Rd6+ 30. Kc2 Ra6 31. Rh8 Ke6 32. Rxh5 Kf7 33. Rh3
Rb6 34. Rg3 Rb8 35. h4 Bc5 36. Rh3 Ke6 37. g4 Rb3 38. h5 Bd4 39. h6 gxh6 40.
Rxh6 Bxc3 41. bxc3 Kf7 42. Rh8 Rxa3 43. Rb8 Ra2+ 44. Rb2 Ra1 45. Rb7+ Ke6 46.
Rb6+ Ke7 47. Rb7+ Ke6 1/2-1/2

[Event "BL 8889 HSK-Heidelberg"]
[Site "?"]
[Date "1988.??.??"]
[Round "?.4"]
[White "Maus, So"]
[Black "Zuse, P."]
[Result "1-0"]
[WhiteElo "2400"]
[BlackElo "2295"]
[PlyCount "111"]
[EventDate "1988.??.??"]

1. e4 c5 2. Nf3 d6 3. d4 cxd4 4. Nxd4 Nf6 5. Nc3 a6 6. Be3 Nbd7 7. g4 d5 8. Nb3
Nxe4 9. Nxd5 Nd6 10. Qe2 e6 11. Nc3 b5 12. Bg2 Bb7 13. Bxb7 Nxb7 14. O-O-O Be7
15. Ne4 Qc7 16. Kb1 O-O 17. g5 Nbc5 18. Nbxc5 Nxc5 19. Bxc5 Bxc5 20. Rd3 Be7
21. Rh3 Qe5 22. Rg1 f5 23. Rxh7 g6 24. Rxe7 fxe4 25. Qg4 Rae8 26. Rxe8 Rxe8 27.
Re1 Rd8 28. c3 Rd6 29. h4 Qf5 30. Qxf5 exf5 31. Kc2 Rd3 32. Re3 Rd6 33. f3 exf3
34. Rxf3 Kf7 35. Rd3 Re6 36. Rd7+ Ke8 37. Rd4 Re2+ 38. Kb3 Ke7 39. a4 Ke6 40.
axb5 axb5 41. Rb4 Rg2 42. Rxb5 f4 43. Rb6+ Ke5 44. Rxg6 f3 45. Rf6 Ke4 46. g6
f2 47. h5 Ke3 48. c4 Rg5 49. Rxf2 Kxf2 50. c5 Rxh5 51. c6 Rh8 52. g7 Rg8 53. c7
Ke3 54. Kc4 Ke4 55. Kc5 Ke5 56. b4 1-0

[Event "BL 8889 HSK-Heidelberg"]
[Site "?"]
[Date "1988.??.??"]
[Round "?.5"]
[White "Neunhoeffer, H."]
[Black "Wegner, H."]
[Result "0-1"]
[WhiteElo "2270"]
[BlackElo "2290"]
[PlyCount "52"]
[EventDate "1988.??.??"]

1. d4 Nf6 2. Nf3 g6 3. c4 Bg7 4. Nc3 d5 5. Qb3 dxc4 6. Qxc4 O-O 7. e4 Na6 8.
Be2 c5 9. d5 e6 10. O-O exd5 11. exd5 Bf5 12. Bf4 Re8 13. Rfe1 Qb6 14. b3 Ne4
15. Na4 Qa5 16. Rac1 Bd7 17. Bd3 b5 18. Qc2 Nb4 19. Bd2 Nxd2 20. Qxd2 bxa4 21.
a3 axb3 22. axb4 Qxb4 23. Qxb4 cxb4 24. Rxe8+ Rxe8 25. Rb1 b2 26. Nd2 a5 0-1

[Event "BL 8889 HSK-Heidelberg"]
[Site "?"]
[Date "1988.??.??"]
[Round "?.6"]
[White "Michaelsen, N."]
[Black "Nonnenmacher, E."]
[Result "1/2-1/2"]
[WhiteElo "2380"]
[BlackElo "2320"]
[PlyCount "96"]
[EventDate "1988.??.??"]

1. d4 Nf6 2. c4 e6 3. Nf3 b6 4. Nc3 Bb7 5. a3 d5 6. cxd5 exd5 7. Bf4 Bd6 8.
Bxd6 Qxd6 9. Rc1 a6 10. e3 O-O 11. Be2 c5 12. dxc5 bxc5 13. O-O Nbd7 14. Qa4
Bc6 15. Qh4 Rfe8 16. Rfd1 Qe7 17. Qg3 Nf8 18. Nh4 g6 19. h3 Red8 20. Nf3 N8d7
21. Rd2 Ne4 22. Nxe4 dxe4 23. Nh2 Ne5 24. Rcd1 Rxd2 25. Rxd2 f5 26. h4 Qe6 27.
Nf1 Bb5 28. Bxb5 axb5 29. Qg5 Nd3 30. h5 Kh8 31. f3 Rg8 32. fxe4 fxe4 33. h6
Rf8 34. Ng3 Kg8 35. Qh4 c4 36. Qxe4 Qd6 37. Qg4 Qe5 38. Qd4 Qxd4 39. exd4 Rd8
40. Ne2 Kf7 41. Nc3 Rb8 42. b3 Nc1 43. bxc4 bxc4 44. Ne4 Ke6 45. Kf2 Nd3+ 46.
Ke3 Re8 47. Kf3 Rf8+ 48. Ke3 Re8 1/2-1/2

[Event "BL 8889 Delmenhorst-Koblenz"]
[Site "?"]
[Date "1988.??.??"]
[Round "?.1"]
[White "Garcia Palermo, C."]
[Black "Reeh, O."]
[Result "1-0"]
[WhiteElo "2455"]
[BlackElo "2460"]
[PlyCount "41"]
[EventDate "1988.??.??"]

1. d4 Nf6 2. Nf3 g6 3. c4 Bg7 4. Nc3 O-O 5. e4 d6 6. Be2 c5 7. O-O Bg4 8. d5
Nbd7 9. h3 Bxf3 10. Bxf3 a6 11. a4 b6 12. Qc2 Ne8 13. Bg5 Nc7 14. Be2 h6 15.
Bh4 Re8 16. f4 Qb8 17. Rad1 e6 18. e5 exd5 19. cxd5 dxe5 20. f5 g5 21. d6 1-0

[Event "BL 8889 Delmenhorst-Koblenz"]
[Site "?"]
[Date "1988.??.??"]
[Round "?.2"]
[White "Hausner, I."]
[Black "Braga, F."]
[Result "1/2-1/2"]
[WhiteElo "2435"]
[BlackElo "2430"]
[PlyCount "20"]
[EventDate "1988.??.??"]

1. d4 Nf6 2. c4 c5 3. Nf3 cxd4 4. Nxd4 b6 5. Nc3 Bb7 6. Bg5 a6 7. Bxf6 gxf6 8.
e4 e6 9. Rc1 Qc7 10. Bd3 Bc5 1/2-1/2

[Event "BL 8889 Delmenhorst-Koblenz"]
[Site "?"]
[Date "1988.??.??"]
[Round "?.3"]
[White "Doncevic, D."]
[Black "Hermann, Man"]
[Result "1/2-1/2"]
[WhiteElo "2370"]
[BlackElo "2365"]
[PlyCount "38"]
[EventDate "1988.??.??"]

1. e4 e5 2. Nf3 f5 3. Nxe5 Nc6 4. Nxc6 dxc6 5. Nc3 Bc5 6. Be2 Nf6 7. d3 O-O 8.
O-O fxe4 9. Nxe4 Nxe4 10. dxe4 Qh4 11. Bc4+ Kh8 12. Qe1 Bg4 13. Be2 Rxf2 14.
Rxf2 Rf8 15. Bf3 Rxf3 16. gxf3 Bxf3 17. Be3 Qg4+ 18. Kf1 Qh3+ 19. Kg1 Qg4+
1/2-1/2

[Event "BL 8889 Delmenhorst-Koblenz"]
[Site "?"]
[Date "1988.??.??"]
[Round "?.4"]
[White "Borik, O."]
[Black "Wolf, V."]
[Result "1/2-1/2"]
[WhiteElo "2350"]
[BlackElo "2330"]
[PlyCount "117"]
[EventDate "1988.??.??"]

1. g3 e5 2. Bg2 d5 3. c4 Nf6 4. cxd5 Nxd5 5. Nc3 Nb6 6. Nf3 Nc6 7. O-O Be7 8.
b3 f5 9. Bb2 Bf6 10. d3 O-O 11. Rc1 Nd4 12. Nd2 c6 13. b4 Kh8 14. a4 Nd5 15.
Nxd5 cxd5 16. Bxd4 exd4 17. Rc5 Be6 18. Qb3 Be7 19. Rc2 Qd6 20. Nf3 Bf6 21.
Rfc1 f4 22. Rc7 Rab8 23. b5 fxg3 24. hxg3 Rfe8 25. Kf1 h5 26. Qb2 Bg4 27. R7c2
Rf8 28. Kg1 Rbe8 29. Rc7 h4 30. gxh4 Qf4 31. Qd2 Qxd2 32. Nxd2 Rxe2 33. Nf3 Bd8
34. Nxd4 Rexf2 35. Rxb7 Bb6 36. Rxb6 axb6 37. Bxd5 R2f4 38. Ne6 Bxe6 39. Bxe6
Rxh4 40. Rc6 Rxa4 41. Rxb6 Rd4 42. Bc4 Rg4+ 43. Kh2 g6 44. Kh3 Rg5 45. Rd6 Kg7
46. Rd7+ Kh6 47. b6 Rf3+ 48. Kh2 Rf4 49. Kh3 Rf3+ 50. Kh2 Rf2+ 51. Kh3 Rb2 52.
b7 Rg1 53. Bd5 g5 54. Rd6+ Kg7 55. Rd8 Rb4 56. Be4 Rgb1 57. Kg4 Kf6 58. Rf8+
Ke7 59. Rg8 1/2-1/2

[Event "BL 8889 Delmenhorst-Koblenz"]
[Site "?"]
[Date "1988.??.??"]
[Round "?.5"]
[White "Bayer, E."]
[Black "Wesseln, K."]
[Result "1-0"]
[WhiteElo "2370"]
[BlackElo "2350"]
[PlyCount "43"]
[EventDate "1988.??.??"]

1. Nf3 c5 2. g3 Nc6 3. Bg2 g6 4. O-O Bg7 5. c3 Nf6 6. d4 d6 7. dxc5 dxc5 8.
Qxd8+ Nxd8 9. Be3 Nd7 10. Nbd2 b6 11. a4 Ba6 12. a5 b5 13. Ne5 Rc8 14. Nxd7
Kxd7 15. Rfd1 Ke8 16. Nb3 Ne6 17. Bd5 c4 18. Bxe6 fxe6 19. Nd4 Kf7 20. Nf3 Rc7
21. Bf4 Rb7 22. Ng5+ 1-0

[Event "BL 8889 Delmenhorst-Koblenz"]
[Site "?"]
[Date "1988.??.??"]
[Round "?.6"]
[White "Schlemermeyer, W."]
[Black "Weidemann, J."]
[Result "1-0"]
[WhiteElo "2265"]
[BlackElo "2325"]
[PlyCount "67"]
[EventDate "1988.??.??"]

1. d4 d6 2. e4 g6 3. Nc3 Bg7 4. Nf3 Nf6 5. h3 O-O 6. Be3 b6 7. Bc4 c5 8. e5 Ne8
9. Bd5 Nc7 10. Bxa8 Nxa8 11. exd6 exd6 12. Qd2 Nc6 13. O-O-O b5 14. dxc5 b4 15.
Na4 Qa5 16. b3 dxc5 17. Qd5 Qc7 18. Qd6 Qb7 19. Nxc5 Qb5 20. Nd4 Nxd4 21. Bxd4
Bh6+ 22. Kb1 Bg7 23. Bxg7 Kxg7 24. Rhe1 Qb6 25. Re7 h5 26. Qe5+ Kh7 27. Rd6 Qb5
28. Rf6 Qf1+ 29. Kb2 Qxg2 30. Rfxf7+ Rxf7 31. Rxf7+ Kh6 32. Qg7+ Kg5 33. Qf6+
Kh6 34. h4 1-0

[Event "BL 8889 Delmenhorst-Koblenz"]
[Site "?"]
[Date "1988.??.??"]
[Round "?.8"]
[White "Meyer, H."]
[Black "Bohn, T."]
[Result "1-0"]
[WhiteElo "2330"]
[BlackElo "2205"]
[PlyCount "51"]
[EventDate "1988.??.??"]

1. d4 e6 2. g3 f5 3. Bg2 Nf6 4. Nd2 Be7 5. e4 fxe4 6. Nxe4 O-O 7. Qe2 Nxe4 8.
Bxe4 d5 9. Bg2 c5 10. Nf3 Nc6 11. dxc5 Bxc5 12. Bf4 e5 13. Be3 Qb6 14. Ng5 Bxe3
15. Bxd5+ Kh8 16. Qxe3 Nd4 17. O-O Qc7 18. c3 Nf5 19. Qe2 Qe7 20. Nf3 Bd7 21.
Qxe5 Qc5 22. Bxb7 Qb6 23. Bxa8 Rxa8 24. Qd5 Rd8 25. Ng5 Nh6 26. Rad1 1-0

[Event "BL 8889 München 36-Sindelfingen"]
[Site "?"]
[Date "1988.??.??"]
[Round "?.1"]
[White "Mohr, S."]
[Black "Smejkal, J."]
[Result "1/2-1/2"]
[WhiteElo "2470"]
[BlackElo "2515"]
[PlyCount "59"]
[EventDate "1988.??.??"]

1. d4 Nf6 2. c4 g6 3. Nc3 d5 4. Nf3 Bg7 5. cxd5 Nxd5 6. e4 Nxc3 7. bxc3 c5 8.
Be2 Nc6 9. d5 Bxc3+ 10. Bd2 Bxa1 11. Qxa1 Nd4 12. Nxd4 cxd4 13. Qxd4 O-O 14.
O-O Re8 15. Bc4 e5 16. Qd3 Bd7 17. f4 Rc8 18. fxe5 Rxc4 19. Qxc4 Qb6+ 20. Rf2
Qb1+ 21. Qf1 Qxf1+ 22. Rxf1 Rxe5 23. Rc1 Rxe4 24. Rc7 Rd4 25. Bh6 Rxd5 26. Rxb7
f6 27. Rxa7 g5 28. a4 Kf7 29. a5 Ke6 30. Ra6+ 1/2-1/2

[Event "BL 8889 München 36-Sindelfingen"]
[Site "?"]
[Date "1988.??.??"]
[Round "?.2"]
[White "Nikolac, J."]
[Black "Fahnenschmidt, G."]
[Result "0-1"]
[WhiteElo "2495"]
[BlackElo "2380"]
[PlyCount "95"]
[EventDate "1988.??.??"]

1. c4 Nf6 2. Nc3 c5 3. g3 d5 4. cxd5 Nxd5 5. Bg2 Nc7 6. Nf3 Nc6 7. d3 e5 8. Nd2
Bd7 9. Nc4 Be7 10. O-O O-O 11. Be3 f6 12. f4 exf4 13. gxf4 Kh8 14. Bf2 Rc8 15.
Ne4 b6 16. Rc1 Nb5 17. a4 Nbd4 18. Ng3 Bg4 19. h3 Be6 20. Kh2 Qd7 21. Rg1 Nf5
22. Be4 Nd6 23. Nxd6 Bxd6 24. e3 Nb4 25. Be1 a5 26. Bc3 Qf7 27. Qf3 Rg8 28.
Bxh7 Kxh7 29. Ne4 Rgd8 30. Rg5 Nd5 31. Rcg1 Nxc3 32. Rxg7+ Qxg7 33. Qh5+ Kg8
34. Nxf6+ Kf8 35. Rxg7 Kxg7 36. Qg5+ Kf7 37. Nh5 Be7 38. Qg7+ Ke8 39. Qxc3 Rd5
40. Qh8+ Kd7 41. Qh7 Rf8 42. Ng7 Rd6 43. Qe4 Bd5 44. Qh7 Rf7 45. Qh8 Rg6 46.
Qe8+ Kc7 47. Ne6+ Bxe6 48. f5 0-1

[Event "BL 8889 München 36-Sindelfingen"]
[Site "?"]
[Date "1988.??.??"]
[Round "?.3"]
[White "Franke, H."]
[Black "Bastian, H."]
[Result "0-1"]
[WhiteElo "2360"]
[BlackElo "2315"]
[PlyCount "86"]
[EventDate "1988.??.??"]

1. d4 Nf6 2. Nf3 g6 3. c4 Bg7 4. Nc3 O-O 5. e4 d6 6. Be2 e5 7. dxe5 dxe5 8.
Qxd8 Rxd8 9. Bg5 Re8 10. Nd5 Nxd5 11. cxd5 c6 12. Bc4 cxd5 13. Bxd5 Na6 14. Rc1
Nb4 15. Bc4 Bg4 16. Nd2 Be6 17. Ke2 Bxc4+ 18. Rxc4 Nc6 19. Nb3 f6 20. Be3 Bf8
21. Rd1 Red8 22. Rcc1 Kf7 23. Rd5 Ke8 24. a3 Rac8 25. Rcd1 b6 26. Nc1 Rxd5 27.
Rxd5 Na5 28. Rd3 Rc2+ 29. Kd1 Rxb2 30. Rc3 Kd7 31. Rd3+ Ke6 32. Rc3 Bd6 33. Bd2
Kd7 34. Nd3 Ra2 35. Nb4 Bxb4 36. axb4 Nc6 37. Rh3 h5 38. Rg3 g5 39. Rf3 Ke6 40.
Rh3 h4 41. Rb3 Nd4 42. Rb1 Kd6 43. Be3 Kc6 0-1

[Event "BL 8889 München 36-Sindelfingen"]
[Site "?"]
[Date "1988.??.??"]
[Round "?.4"]
[White "Pichler, J."]
[Black "Bialas, W."]
[Result "1-0"]
[WhiteElo "2325"]
[BlackElo "2365"]
[PlyCount "77"]
[EventDate "1988.??.??"]

1. e4 c5 2. Nf3 Nc6 3. d4 cxd4 4. Nxd4 g6 5. Be2 Bg7 6. Nb3 Nf6 7. Nc3 O-O 8.
O-O a6 9. f4 d6 10. Bf3 Be6 11. Nd5 Rc8 12. Be3 Nd7 13. c3 Re8 14. Re1 Na5 15.
Nxa5 Qxa5 16. a4 Bxd5 17. exd5 b5 18. axb5 Qxb5 19. Ra2 Nc5 20. Be2 Qb8 21. Bd4
Bh6 22. b4 Ne4 23. Qd3 Nf6 24. Qf3 e5 25. dxe6 Rxe6 26. Rf1 d5 27. f5 gxf5 28.
Qxf5 Bg7 29. Bd3 Rce8 30. Raf2 Qd6 31. Qh3 h6 32. Qh4 Ne4 33. Bxg7 Kxg7 34.
Rxf7+ Kg8 35. Qg4+ Rg6 36. Qd7 Qb6+ 37. Kh1 Rd8 38. Qf5 Qe6 39. Rf8+ 1-0

[Event "BL 8889 München 36-Sindelfingen"]
[Site "?"]
[Date "1988.??.??"]
[Round "?.5"]
[White "Gruenenwald, J."]
[Black "Eppinger, G."]
[Result "1-0"]
[WhiteElo "2345"]
[BlackElo "2300"]
[PlyCount "91"]
[EventDate "1988.??.??"]

1. d4 d5 2. c4 c6 3. Nf3 Nf6 4. Nc3 dxc4 5. a4 Bg4 6. Ne5 Bh5 7. Nxc4 e6 8. Bg5
Nbd7 9. f3 h6 10. Bh4 Be7 11. e4 O-O 12. Be2 c5 13. dxc5 Nxc5 14. O-O Qxd1 15.
Raxd1 Rfd8 16. Ne5 g5 17. Bf2 Kg7 18. Rxd8 Rxd8 19. Rd1 Rxd1+ 20. Bxd1 Ne8 21.
g4 f6 22. b4 fxe5 23. bxc5 Bf7 24. c6 bxc6 25. Bxa7 Nc7 26. Be2 Kf8 27. Nd1 Bb4
28. Kg2 Ke7 29. Nb2 Be8 30. Bb8 Kd8 31. Nc4 Kc8 32. Ba7 Kb7 33. Be3 c5 34. Bd1
Ka6 35. h4 gxh4 36. Bxh6 Na8 37. Nxe5 Bc3 38. Nc4 Nb6 39. Nxb6 Kxb6 40. Bb3 Bf7
41. Be3 Kc6 42. Bf2 Bf6 43. f4 Bd8 44. Kh3 Bg6 45. f5 exf5 46. exf5 1-0